000
00252nam a2200109Ia 4500
008
190914s9999||||xx |||||||||||||| ||und||
100
_a
Edward B.Deakin
245
0
_a
Cost Accounting
260
_a
New York
_b
Addison
_c
1996
300
_a
232
942
_c
BK
999
_c
8976
_d
8976